000
00244nam a2200085Ia 4500
245
0
_a
Mad about the boy?
100
_a
Gordon-Smith, Dolores Oxford, 2009 Large print ed
_9
79150
942
_c
BK
008
210819s9999 xx 000 0 und d
999
_c
275136
_d
275135